Statistics for How I Met Your Mother (Part 3) Hard

Click here to take the quiz!

General Stats

  • This quiz has been taken 10,881 times
    (10,877 since last reset)
  • The average score is 11 of 15

Answer Stats

HintAnswer% Correct
What was the tatoo that Ted had before he met Stella?Butterfly Tattoo
95%
Ironically, after all the jokes Barney made to Robin, Robin finds out that Barney is one quarter _________.Canadian
95%
What is the name of the bank that Barney (and at one point Marshall) work for?Goliath National Bank
87%
What is the name of the book that Barney uses to hook up with women?The Playbook
87%
What is the name of the baker that Ted once dated?Victoria
86%
Where did Lily go after she broke up with Marshall?San Francisco
85%
The game show Barney believed his father was a host on.The Price is Right
84%
Ted's new job since the architecture firm is a ____________.College Profesor
81%
Where is Marshall when Lily goes into labor?Atlantic City
73%
The Vicky Mendoza Diagonal is also known as what?Hot-Crazy Scale
71%
Who is Ted's longtime friend from Cleveland?Punchy
69%
Who is the actor that plays Ted Mosby?Josh Radnor
57%
What are the seven words that Robin is eager to hear from her father?Robin, I am proud of you eh.
57%
What was the name of Ted's architecture firm?Mosbius Designs
51%
The reacurring name of a beer company, started by one of Marshall's old co-workers?Wharmpess
26%

Score Distribution

Percentile by Number Answered

Percent of People with Each Score

Your Score History

You have not taken this quiz since the last reset